000 01457nam a2200361 c 4500
003 BLK
005 20200225154047.0
008 180410b bul|||||r ||||||| ||bul||
010 _aKNG00164320000
020 _a978-619-165-023-1
_bиздат.: Ергон
040 _aBLK
041 _aBUL
_cBUL
072 7 _2bullib
_aН8300
_xРомантична проза Н
080 _aАмериканска литература (на САЩ)
_b821.111(73)
_x-31
_z821.111(73)-31
100 1 _aКлейпас, Лайза
_eпърви автор
_979634
700 1 _aРайкова, Диана Христова
_eпрев. от англ.
_9368973
139 _aКлейпас, Лайза
_bК 63
245 1 0 _aЕсенен парфюм
_bРоман
_cЛайза Клейпас; прев. от англ. Диана Христова Райкова.
257 _aUSA
260 София
_bЕргон
_c2014
_fСофия : Инвестпрес
300 _a328 с.
_c20 см
380 _aX
490 1 _aБиблиотека Любов и Съдба
490 1 _3Подсерия
_aСезони на любовта
_v2
500 _aОриг. загл. It Happened One Autumn / Lisa Kleypas.
653 _aромантична проза
659 _aН
852 _aЦб 270428
856 4 _qpdf
_u
856 4 _qpdf
_u
942 _cKNG
_n0
_028
944 _aCR
_c26.08.2014
_lф /
_kЛюдмила_Стоянова
944 _aED
_c16.09.2015
_lф /
_kПенка_Димитрова
999 _c157376
_d157376